000 00539nam a22001937a 4500
003 CEME
005 20210628202512.0
008 210203b xxu||||| |||| 00| 0 eng d
020 _a8177587862
040 _c.
082 _a658.15 VAN
100 _aHorne, James C.Van, Wachowicz, John M, Bhaduri, S.N, Van Horne, James.C
_960195
245 _aFundamentals of financial management
250 _a12TH
260 _aINDIA
_bPEARSON EDUCATION
_c2008
300 _aXXII, 680P
650 _aFINANCIAL MANAGEMENT
_960196
942 _cBK
_2ddc
999 _c569990
_d569990